000 00339nam a2200145Ia 4500
008 230524s9999 xx 000 0 und d
082 _a4
_bTHI
100 _aR.Thiagarajan
245 0 _aComputer for Biggners
260 _aNEW DELHI
_bStering
_c1993
300 _aXI;81
500 _aQuantity Number: 2
650 _aComp-Sc
942 _cBK
999 _c5558
_d5558